Statistics for Pretty Fly for a Picture Quiz

Click here to take the quiz!

General Stats

  • This quiz has been taken 471 times
  • The average score is 14 of 20

Answer Stats

Answer% Correct
Horse-fly
100%
Butterfly
94%
Fruit fly
94%
Dragonfly
93%
Housefly
91%
Greenfly
90%
Bat fly
88%
Sandfly
88%
Crane fly
87%
Balloon fly
85%
Horn fly
74%
Blowfly
63%
Dagger fly
59%
Window fly
57%
Soldier fly
55%
Robber fly
54%
Hoverfly
41%
Stiletto fly
38%
Botfly
18%
Flesh fly
10%

Score Distribution

Percentile by Number Answered

Percent of People with Each Score

Your Score History

You have not taken this quiz